书目信息 |
| 题名: |
灭亡.新生
|
|
| 作者: | 巴金 著 | |
| 分册: | ||
| 出版信息: | 1989.04 |
|
| 页数: | 324页 | |
| 开本: | 32开 | |
| 丛书名: | ||
| 单 册: | ||
| 中图分类: | I246.5 | |
| 科图分类: | ||
| 主题词: | 小说--中国 | |
| 电子资源: | ||
| ISBN: | ||
| 000 | 00482nam0 2200193 45 | |
| 001 | 0009272153 | |
| 005 | 20000927211439.9 | |
| 010 | @d13.50元 | |
| 100 | @a20000927d1989 km y0chiy0120 ea | |
| 101 | 0 | @achi |
| 105 | @a z 000yy | |
| 200 | 1 | @a灭亡.新生@AMie Wang.Xin Sheng@f巴金著@FBa Jin Zhu |
| 210 | @d1989.04 | |
| 215 | @a324页@d32开 | |
| 606 | 0 | @a小说@x中国 |
| 690 | @aI246.5@v3 | |
| 701 | 0 | @a巴金@4著 |
| 801 | @aCN@bPftUser@c20000927 | |
| 905 | @b157722@dI246.5@eB.477-1@f1 | |
| 灭亡.新生/巴金著.-1989.04 |
| 324页;32开 |
| ISBN :13.50元 |
| ● |
| 相关链接 |
|
|
|
正题名:灭亡·新生
索取号:I246.5/B.477-1
 
预约/预借
| 序号 | 登录号 | 条形码 | 馆藏地/架位号 | 状态 | 备注 |
| 1 | 157722 | 201577221 | 社科二线422/422社科库 14排1列3层/ [索取号:I246.5/B.477-1] | 在馆 |